000 01049cad a22002055a 4500
001 L148939
008 091202e20091118xxk f 001 0 eng d
035 _a(Sirsi) u148939
041 0 _aeng
110 2 _aCivil Engineering Contractors Association
_93765
245 0 0 _aDownturn in the sector looks set to worsen
_h[electronic resource]
260 _c2009
490 0 _aCECA Press Release
_v18 November 2009
520 _aPresents the October 2009 CECA Workload Trends Survey results. The Civil Engineering Contractors Association (CECA) reports that firms expect difficult conditions in the construction sector to worsen. Confidence decreased as half of all firms fear to experience even less work this time next year and only 9% of firms hope to see their workload increase.
590 _aKA NTK
651 4 _aEngland and Wales
_y1543-
690 _aBUILT ENVIRONMENT-CONSTRUCTION MARKET
856 4 0 _uhttps://www.ceca.co.uk/NewsDetail.aspx?NewsID=255&NewsTypeID=3
_zView the press release free of charge at www.ceca.co.uk...
942 _n0
999 _c110289
_d110289